Largest Cities by Population - Australia - Statistics

General Stats
  • This quiz has been taken 37 times
  • The average score is 33 of 100
Answer Stats
# Answer State Population % Correct
8 Canberra ACT 503,402
96%
2 Sydney NSW 5,041,275
96%
5 Adelaide SA 1,426,803
93%
3 Brisbane QLD 2,622,585
93%
1 Melbourne VIC 5,103,528
93%
4 Perth WA 2,289,366
93%
6 Gold Coast QLD 735,213
81%
13 Hobart TAS 232,450
78%
17 Darwin NT 137,002
74%
15 Cairns QLD 160,933
70%
7 Newcastle NSW 526,515
67%
9 Sunshine Coast QLD 407,859
67%
14 Townsville QLD 186,734
67%
11 Wollongong NSW 313,745
67%
51 Alice Springs NT 29,213
59%
18 Ballarat VIC 116,390
56%
12 Geelong VIC 302,046
56%
85 Broome WA 16,008
52%
21 Launceston TAS 93,364
48%
19 Bendigo VIC 104,883
44%
24 Bunbury WA 91,367
44%
10 Central Coast NSW 348,435
44%
40 Dubbo NSW 41,801
44%
38 Orange NSW 42,642
44%
23 Rockhampton QLD 81,937
44%
16 Toowoomba QLD 149,817
44%
20 Albury Wodonga NSW - VIC 100,095
41%
25 Bundaberg QLD 77,261
41%
22 Mackay QLD 88,162
41%
30 Mildura VIC 54,427
41%
31 Port Macquarie NSW 51,965
41%
29 Shepparton VIC 54,494
41%
28 Wagga Wagga NSW 57,807
41%
45 Warrnambool VIC 36,238
41%
46 Devonport TAS 32,848
37%
41 Geraldton WA 41,086
37%
48 Kalgoorlie WA 30,504
37%
92 Port Augusta SA 14,082
37%
79 Port Lincoln SA 16,991
37%
43 Bathurst NSW 38,339
33%
26 Coffs Harbour NSW 75,838
33%
35 Tamworth NSW 45,496
33%
76 Broken Hill NSW 17,624
30%
53 Burnie TAS 28,663
30%
100 Byron Bay NSW 11,053
30%
27 Hervey Bay QLD 60,838
30%
55 Lismore NSW 28,199
30%
47 Mount Gambier SA 30,583
30%
59 Armidale NSW 24,373
26%
81 Port Hedland WA 16,834
26%
37 Traralgon VIC 43,739
26%
64 Whyalla SA 21,807
26%
62 Echuca VIC 22,979
22%
95 Esperance WA 12,565
22%
32 Gladstone QLD 47,294
22%
73 Karratha WA 18,631
22%
91 Port Pirie SA 14,169
22%
89 Sale VIC 14,363
22%
86 Bairnsdale VIC 15,819
19%
33 Ballina NSW 47,188
19%
75 Batemans Bay NSW 17,624
19%
93 Colac VIC 12,640
19%
90 Emerald QLD 14,914
19%
66 Forster NSW 21,074
19%
58 Goulburn NSW 25,017
19%
80 Horsham VIC 16,876
19%
97 Lithgow NSW 12,253
19%
63 Moe VIC 22,170
19%
74 Mount Isa QLD 18,518
19%
56 Taree NSW 26,740
19%
49 Victor Harbor SA 29,798
19%
98 Castlemaine VIC 11,495
15%
70 Grafton NSW 19,608
15%
67 Griffith NSW 20,538
15%
60 Gympie QLD 23,497
15%
96 Mudgee NSW 12,563
15%
42 Nowra NSW 39,702
15%
69 Wangaratta VIC 19,969
15%
83 Warwick QLD 16,064
15%
87 Airlie Beach QLD 15,723
11%
44 Albany WA WA 37,037
11%
57 Bacchus Marsh VIC 26,055
11%
39 Bowral NSW 41,982
11%
71 Murray Bridge SA 19,371
11%
99 Portland VIC 11,181
11%
77 Singleton NSW 17,503
11%
78 Ulladulla NSW 17,330
11%
34 Warragul VIC 45,597
11%
65 Yeppoon QLD 21,688
11%
82 Kempsey NSW 16,143
7%
54 Maryborough QLD 28,346
7%
52 Nelson Bay NSW 28,674
7%
88 Ulverstone TAS 15,408
7%
61 Gisborne VIC 23,056
4%
50 Morisset NSW 29,421
4%
68 St Georges Basin NSW 20,200
4%
36 Basselton WA 43,853
0%
72 Camden Haven NSW 19,000
0%
84 Medowie NSW 16,058
0%
94 Muswellbrook NSW 12,590
0%
No matching quizzes found
Score Distribution
Percent of People with Each Score
Percentile by Number Answered
Your Score History
You have not taken this quiz